<La> dispersion des salaires de l'Etat 1982-1986.

Štatistický prehľad o zamestnanosti štátnych zamestnancov vo Francúzsku. Platy mužov a žien sa zblížili. Feminizácia niektorých profesií. Starí a mladí. Platy odborných pracovníkov. Stredné platy a platy starších. Muži a ženy na čiastočný alebo celý úväzok. Odmeňovanie - vývoj od r. 1982. Ženy v slu...

Descripción completa

Guardado en:
Detalles Bibliográficos
Autor principal: Meron, M.
Formato: Capítulo de libro
Lenguaje:francés
Materias:
Etiquetas: Agregar Etiqueta
Sin Etiquetas, Sea el primero en etiquetar este registro!

MARC

LEADER 00000naa a2200000 4500
001 r005279
005 20221125091452.9
041 0 |a fre 
044 |a FR 
245 1 0 |a <La> dispersion des salaires de l'Etat 1982-1986.  |c M. Meron 
520 |a Štatistický prehľad o zamestnanosti štátnych zamestnancov vo Francúzsku. Platy mužov a žien sa zblížili. Feminizácia niektorých profesií. Starí a mladí. Platy odborných pracovníkov. Stredné platy a platy starších. Muži a ženy na čiastočný alebo celý úväzok. Odmeňovanie - vývoj od r. 1982. Ženy v službách a v technických profesiách. 
610 2 0 |a odmeňovanie 
610 2 0 |a mzdy 
610 2 0 |a porovnanie štatistické 
610 2 0 |a muži 
610 2 0 |a ženy 
610 2 0 |a sektor štátny 
610 2 0 |a 1982-1986 
610 2 0 |a Francúzsko 
100 1 |a Meron, M.